000 00435nam a2200181Ia 4500
005 20240823005152.0
008 240823s9999||||xx |||||||||||||| ||und||
041 _aENGLISH
082 _A621.3 N7
100 _aGupta J B
245 0 _aQuestion Bank in Electrical Engineering
250 _a1st
260 _c1997
_b"S K Kataria,Delhi"
500 _aYES
650 _aElectrical
_bInstrumentation
942 _cBK
999 _c154953
_d154953